| 000 | 00578nam a2200217Ia 4500 | ||
|---|---|---|---|
| 003 | OSt | ||
| 005 | 20230323112835.0 | ||
| 008 | 210423s2007 xx 000 0 und d | ||
| 020 | _a97888621304 | ||
| 040 | _cAL | ||
| 041 | _aeng | ||
| 082 |
_a657.46 _223 _bVAIK |
||
| 100 |
_aVAITHEESWARAN (K). _976880 |
||
| 245 | _aStudents hand book on indirect taxes- 2008. | ||
| 250 | _a7 | ||
| 260 |
_aMumbai _bSnow White Publications Pvt Ltd _c2007 |
||
| 300 | _bPB | ||
| 365 |
_b295 _cINR |
||
| 906 | _a2008. ; hand ; indirect ; Students ; Student''s ; taxes- | ||
| 942 |
_2ddc _cBK |
||
| 999 |
_c155687 _d155687 |
||